01020nab a2200289 uc450000100070000000500170000700800410002403500110006503500210007604000130009704100080011010000290011824500930014765000180024065000100025865000210026865000300028965000300031965000340034965000350038365000260041865000170044465000270046165000120048870000470050077301830054773273320241216074510.0020423s2002 spa  a732733 a(OCoLC)819942143 ccomduadb aspa10aCantu, Isrrael4auteaut10aPropiedades hidrologicas del dosel de los bosques de pino-encino en el noreste de Mexico 7aBosques2lemb aPinos aEcologia vegetal 7aCiclo hidrológico2lemb 7aRecursos hídricos2lemb 7aConservación del agua2lemb aConservación de los recursos 7aReforestación2lemb aVegetación aAlmacenamiento de agua aQuercus10aGonzález Rodríguez, Humberto4auteaut0 tCiencia UANL : Revista de Difusión Científica y Tecnológica de la Universidad Autonoma de Nuevo León (México)gVol. 05, No. 01, Ene.-Mar. 2002, p. 72-77w5545730130690